RADICAL POST-MODERNISM (Record no. 33125)

MARC details
000 -LEADER
fixed length control field 00437nam a22001817a 4500
005 - DATE AND TIME OF LATEST TRANSACTION
control field 20230905185900.0
008 - FIXED-LENGTH DATA ELEMENTS--GENERAL INFORMATION
fixed length control field 230721b |||||||| |||| 00| 0 eng d
020 ## - INTERNATIONAL STANDARD BOOK NUMBER
ISBN 9780470669884
082 ## - DEWEY DECIMAL CLASSIFICATION NUMBER
Classification number 724.6
Item number JEN-R
100 ## - MAIN ENTRY--AUTHOR
Author Name JENCKS,CHARLES
245 ## - TITLE STATEMENT
Title RADICAL POST-MODERNISM
260 ## - PUBLICATION, DISTRIBUTION, ETC.
Place of Publication Netherlands
Name of publisher, distributor, etc. WILEY
Date of publication, distribution, etc. 2008
300 ## - PHYSICAL DESCRIPTION
Pages 136
500 ## - GENERAL NOTE
General note INCLUIDE INDEX
650 ## - SUBJECT ADDED ENTRY--TOPICAL TERM
Subject / Department Architecture
700 ## - ADDED ENTRY--PERSONAL NAME
Personal name JENCKS,CHARLES
952 ## - LOCATION AND ITEM INFORMATION (KOHA)
-- 0
-- 0
Holdings
Lost status Damaged status Permanent Location Current Location Shelving Location Date acquired Full Call Number Accession No./Barcode Date last seen item type
    Superior Information Resource Center (SIRC) Superior University- Main Campus Superior Information Resource Center (SIRC) Superior University- Main Campus Architecture 07/21/2023 724.6 JEN-R 2011 20242 07/21/2023 BOOK

Powered by Koha